Kim/ (Record no. 216362)

MARC details
000 -LEADER
fixed length control field 00503nam a22001937a 4500
005 - DATE AND TIME OF LATEST TRANSACTION
control field 20260522161218.0
010 ## - LCCN (DPL NO)
LC control number ENG-148603
020 ## - INTERNATIONAL STANDARD BOOK NUMBER
International Standard Book Number 9789392210297
Terms of availability 205.00
035 ## - SYSTEM CONTROL NUMBER
System control number EN-132135
037 ## - SOURCE OF ACQUISITION
Source of stock number/acquisition DBAD
082 ## - DEWEY DECIMAL CLASSIFICATION NUMBER
Classification number S
Edition number 1
100 ## - MAIN ENTRY--PERSONAL NAME
Personal name Kipling, Rudyard
245 ## - TITLE STATEMENT
Title Kim/
Statement of responsibility, etc Rudyard Kipling
250 ## - EDITION STATEMENT
Edition statement 1
260 ## - PUBLICATION, DISTRIBUTION, ETC. (IMPRINT)
Place of publication, distribution, etc Chandigarh
Name of publisher, distributor, etc The Browser
Date of publication, distribution, etc 2024
270 ## - ADDRESS
City Chandigarh
Address SCO 14-15, Sector 8-C
Postal code 160009
Electronic mail address service@thebrowser.org
300 ## - PHYSICAL DESCRIPTION
Extent 303p.
Dimensions 20cm(pb)
942 ## - ADDED ENTRY ELEMENTS (KOHA)
Source of classification or shelving scheme Dewey Decimal Classification
Item type English Books
Classification part S
Call number suffix KIP
Holdings
Withdrawn status Lost status Not for loan Collection code Home library Current library Date acquired Source of acquisition Cost, normal purchase price Full call number Barcode Copy number Cost, replacement price Koha item type
    Not For Loan Non-fiction D.B.Act.Division D.B.Act.Division 22/05/2026 Delivery of Books Act Division 205.00 S KIP EN-132135 1 205.00 English Books

© Delhi Public Library
Hit Counter
free hit counter